| 000 | 01240cam a22003497a 4500 | ||
|---|---|---|---|
| 003 | CHAP | ||
| 005 | 20220329135652.0 | ||
| 008 | 971013d1978 mx r 00110 spa d | ||
| 010 | _a40221 | ||
| 011 | _a41193 | ||
| 035 | _a45319 | ||
| 040 | _cCHAP | ||
| 090 | _aTesis | ||
| 100 | 0 | 0 |
_aMorales Velásquez, David Fidel. _978440 |
| 245 | 1 | 0 |
_aUso de aguas saladas para riego de cultivos por succión _c/por David Fidel Morales Velásquez |
| 260 |
_aChapingo, Méx. : _bEl autor, _c1978. |
||
| 300 |
_a126 h. _b: ilus. ; gráfs |
||
| 500 | _ac.4 en bodega | ||
| 502 | _aTesis (M.C. Esp. en Riego y Drenaje) -- ENA. Colegio de Postgraduados. Rama de Riego y Drenaje | ||
| 590 |
_aALEPH _b10 _c20130110 _lUCH01 _h1309 |
||
| 590 |
_aBATCH-UPD _b10 _c20130110 _lUCH01 _h2040 |
||
| 590 |
_aBATCH-UPD _b10 _c20130410 _lUCH01 _h1354 |
||
| 590 |
_aBATCH-UPD _b10 _c20130914 _lUCH01 _h1119 |
||
| 590 |
_aCONVERSION _b10 _c20130109 _lUCH01 _h1322 |
||
| 650 | 1 | 4 |
_aCultivos _xIrrigación. _930287 |
| 650 | 1 | 4 |
_aIrrigación salina. _960512 |
| 901 | _aBK | ||
| 942 | _cFOLL | ||
| 949 |
_bBC _cTES _d-103561 _eTS1 _i45319 _si |
||
| 949 |
_bBC _cTES _d33724000705083 _eTS2 _fc.3 _h32964 _i45319 _kDonaciØn _sb |
||
| 949 |
_bBC _cTES _d33724000715819 _eTS2 _fc.2 _i45319 _sb |
||
| 999 |
_c40221 _d40221 |
||